000 01219nam a22003617a 4500
003 CHAP
005 20220329143232.0
008 070531s199? it a r 00010 spa d
010 _a93705
011 _a94677
035 _a105272
040 _cCHAP
090 _aFolleto 17251
110 2 _aFAO. Dirección de la Mujer y de la Población
_939520
245 1 3 _aInvestigación y extención:
_bel género y su perspectiva
_c/por FAO. Dirección de la Mujer y de la Población
260 _aRoma :
_bFAO,
_c199?
300 _a1 h. :
_bilus.
590 _aBATCH-UPD
_b10
_c20130110
_lUCH01
_h1451
590 _aBATCH-UPD
_b10
_c20130410
_lUCH01
_h0918
590 _aBATCH-UPD
_b10
_c20130914
_lUCH01
_h0255
590 _aBATCH-UPD
_b10
_c20140805
_lUCH01
_h1148
590 _aCONVERSION
_b10
_c20130109
_lUCH01
_h1352
650 1 4 _aAgricultura
_xInvestigación.
_91577
650 1 4 _aAlimentación.
_94109
650 1 4 _aEnfoque de género.
_936945
650 1 4 _aMujer en agricultura.
_979359
790 0 _aMujeres: llave de la seguridad alimentaria
901 _aBK
905 _aMarco A. Mendoza T.
911 _aCustodia
942 _cFOLL
949 _aFolleto 17251
_bBC
_cFAO
_d33724002031561
_eFAO1
_gDonaciØn
_i105272
_sb
999 _c93705
_d93705